Comparison of dragon fruit production system of preynup's farm in preynup district,preah sihanouk province and chila's farm in banteay srey district, siem reap province ប្រៀបធៀបប្រព័ន្ធផលិតកម្មដំណាំស្រកានាគកសិដ្ឋានព្រៃនប់ នៅស្រុកព្រៃនប់ ខេត្តព្រះសីហនុ និងកសិដ្ឋានជីឡា នៅស្រុកបន្ទាយស្រី ខេត្តសៀមរាប (Record no. 1003)

000 -LEADER
fixed length control field 00865nam a22001457a 4500
003 - CONTROL NUMBER IDENTIFIER
control field OSt
005 - DATE AND TIME OF LATEST TRANSACTION
control field 20150921163730.0
008 - FIXED-LENGTH DATA ELEMENTS--GENERAL INFORMATION
fixed length control field 150921b xxu||||| |||| 00| 0 eng d
040 ## - CATALOGING SOURCE
Transcribing agency AGR
082 ## - DEWEY DECIMAL CLASSIFICATION NUMBER
Classification number AGR SAN 2009 B039 Or.1
100 ## - MAIN ENTRY--PERSONAL NAME
9 (RLIN) 1040
Personal name SANN SEL
245 ## - TITLE STATEMENT
Title Comparison of dragon fruit production system of preynup's farm in preynup district,preah sihanouk province and chila's farm in banteay srey district, siem reap province ប្រៀបធៀបប្រព័ន្ធផលិតកម្មដំណាំស្រកានាគកសិដ្ឋានព្រៃនប់ នៅស្រុកព្រៃនប់ ខេត្តព្រះសីហនុ និងកសិដ្ឋានជីឡា នៅស្រុកបន្ទាយស្រី ខេត្តសៀមរាប
260 ## - PUBLICATION, DISTRIBUTION, ETC. (IMPRINT)
Place of publication, distribution, etc. Phnom penh
Name of publisher, distributor, etc. AGR
Date of publication, distribution, etc. 2009
942 ## - ADDED ENTRY ELEMENTS (KOHA)
Source of classification or shelving scheme
Koha item type AGR
Holdings
Price effective from Date last seen Permanent Location Not for loan Date acquired Date last checked out Source of classification or shelving scheme Koha item type Total Checkouts Barcode Lost status Damaged status Withdrawn status Current Location Full call number
2015-09-212019-09-13Library Block B 2015-09-212019-07-30 AGR1RUA000767   Library Block BAGR SAN 2009 B039 Or.1
2015-09-212015-09-21Library Block B 2015-09-21  AGR RUA000407   Library Block BAGR SAN 2009 B039 Or.2
2015-09-212019-01-08Library Block B 2015-09-212018-12-21 AGR3RUA000839   Library Block BAGR SAN 2009 B039 Or.3
2015-09-212017-01-27Library Block B 2015-09-212017-01-13 AGR1RUA000624   Library Block BAGR SAN 2009 B039 Or.4
2015-09-212023-12-05Library Block B 2015-09-212023-11-08 AGR2RUA000838   Library Block BAGR SAN 2009 B039 Or.5
2015-09-212018-08-07Library Block B 2015-09-212018-07-27 AGR5RUA000694   Library Block BAGR SAN 2009 B039 Or.6
2015-09-212019-02-26Library Block B 2015-09-212019-02-11 AGR4RUA000622   Library Block BAGR SAN 2009 B039 Or.7
2015-09-212016-06-25Library Block B 2015-09-212016-06-11 AGR1RUA000695   Library Block BAGR SAN 2009 B039 Or.8
2015-09-212015-09-21Library Block B 2015-09-21  AGR RUA000152   Library Block BAGR SAN 2009 B039 Or.9
មជ្ឈមណ្ឌលឯការនៃសាកលវិទ្យាល័យភូមិន្ទកសិកម្មចំការដូង

Powered by Koha